Rodents - Statistics

General Stats
  • This quiz has been taken 55 times
    49 since last reset
  • The average score is 12 of 21
Answer Stats
Picture Answer % Correct
Capybara
100%
Chipmunk
90%
Beaver
87%
Guinea pig
87%
Mouse
87%
Chinchilla
83%
Hamster
80%
Porcupine
80%
Rat
70%
Prairie dog
63%
Grey squirrel
53%
Marmot
53%
Gerbil
47%
Ground hog
43%
Musk rat
40%
Red squirrel
37%
Flying squirrel
30%
Gopher
30%
Vole
30%
Nutria
27%
Lemming
3%
No matching quizzes found
Score Distribution
Percent of People with Each Score
Percentile by Number Answered
Your Score History
You have not taken this quiz since the last reset